|
|
|
|
| LEADER |
00000cam a2200000 7i4500 |
| 001 |
0000021749 |
| 005 |
20080731.0 |
| 008 |
080722 |
| 020 |
|
|
|a RM12.00
|
| 090 |
0 |
0 |
|a 155.9042
|b PRI
|
| 100 |
1 |
|
|a Priya
|
| 245 |
1 |
0 |
|a Cara mengurangkan tensen (Tamil)
|c Priya
|
| 260 |
|
|
|a Chennai :
|b Sri Veknesh ,
|c 2005
|
| 650 |
|
0 |
|a Stress (psychology)
|
| 650 |
|
0 |
|a Stress management
|
| 999 |
|
|
|a 0001033122
|b Book
|c Tamil Collection
|e Perbadanan Perpustakaan Awam Johor
|
| 999 |
|
|
|a 0001033123
|b Book
|c Tamil Collection
|e Perbadanan Perpustakaan Awam Johor
|
| 999 |
|
|
|a 0001033124
|b Book
|c Tamil Collection
|e Cawangan Tmn. Ungku Tun Aminah
|